=LDR 00000nam 2200000 4500 =001 INLIS000000000006423 =005 20251107025238 =035 ##$$a 0010-1125000297 =007 ta =008 251107###########################0#ind## =082 ##$$a 362.1969792 =084 ##$$a 362.1969792 BAD p =245 1#$$a Pokok-pokok Srategi Nasional Penanggulangan AIDS Di Indonesia : $b - /$c Badan Koordinasi Keluarga Berencana Nasional =260 ##$$a Jakarta :$b Badan Koordinasi Keluarga Berencana Nasional =300 ##$$a 18 hal : $b ilus ; $c 21 cm =650 #4$$a Keluarga Berencana =110 #$$a Badan Koordinasi Keluarga Berencana Nasional =856 ##$$a Perpustakaan Kemendukbangga